| 000 | 01412nam a2200361Ia 4500 | ||
|---|---|---|---|
| 001 | ebr10451018 | ||
| 003 | CaPaEBR | ||
| 006 | m u | ||
| 007 | cr cn||||||||| | ||
| 008 | 010604s2002 pau sb 001 0 eng d | ||
| 010 | _z 2001041448 | ||
| 020 | _z1566399211 (cloth : alk. paper) | ||
| 020 | _z9781566399210 | ||
| 020 | _z9781439907733 (ebook) | ||
| 040 |
_aCaPaEBR _cCaPaEBR |
||
| 035 | _a(OCoLC)705945767 | ||
| 050 | 1 | 4 |
_aJK1726 _b.B74 2002eb |
| 082 | 0 | 4 |
_a306.2/0973 _221 |
| 100 | 1 | _aBrettschneider, Marla. | |
| 245 | 1 | 0 |
_aDemocratic theorizing from the margins _h[electronic resource] / _cMarla Brettschneider. |
| 260 |
_aPhiladelphia, PA : _bTemple University Press, _cc2002. |
||
| 300 | _ax, 258 p. | ||
| 504 | _aIncludes bibliographical references and index. | ||
| 533 |
_aElectronic reproduction. _bPalo Alto, Calif. : _cebrary, _d2011. _nAvailable via World Wide Web. _nAccess may be limited to ebrary affiliated libraries. |
||
| 650 | 0 |
_aDemocracy _zUnited States. |
|
| 650 | 0 |
_aMarginality, Social _zUnited States. |
|
| 650 | 0 |
_aMinorities _xPolitical activity _zUnited States. |
|
| 650 | 0 | _aPolitical science. | |
| 650 | 0 |
_aWomen _xPolitical activity _zUnited States. |
|
| 655 | 7 |
_aElectronic books. _2local |
|
| 710 | 2 | _aebrary, Inc. | |
| 856 | 4 | 0 |
_uhttp://site.ebrary.com/lib/rucke/Doc?id=10451018 _zAn electronic book accessible through the World Wide Web; click to view |
| 999 |
_c138804 _d138804 |
||